00437nam a2200109Ia 4500008004100000020001800041082001500059100007700074245011700151260004700268300001200315191014s9999 xx 000 0 und d a981-02-4181-X a539.7bBED aPaulo F. Bedaque, Martin J. Savage, Ryoichi Seki and Ubirajara Van Kolck 0aProceedings from the Institute for Nuclear Theory An INT Workshop Nuclear Physics with Effective Field Theory II aSingaporebWorld Scientific Company c2000 aXii,368